Ochranná známka - nevyhnutnosť dnešnej doby

Význam ochrannej znánmky v podmienkach súčasnej trhovej situácie. Právna ochrana značky. Transformácia značky na ochrannú známku. Práva majiteľa ochrannej známky. Ochranná známka ako dôležitý marketingový nástroj a základ na budovanie imidžu a reputácie. Plagiáty a plagiátorstvo - zneužívanie ochran...

ver descrição completa

Na minha lista:
Detalhes bibliográficos
Autor principal: Molnárová, Dagmar
Outros Autores: Bestvinová, Viera
Formato: Capítulo de Livro
Idioma:eslovaco
Assuntos:
Tags: Adicionar Tag
Sem tags, seja o primeiro a adicionar uma tag!

MARC

LEADER 00000naa$a2200000$$$4500
001 0045605
005 20231013084300.7
041 0 |a slo 
044 |a SK 
245 1 0 |a Ochranná známka - nevyhnutnosť dnešnej doby  |c Dagmar Molnárová, Viera Bestvinová 
520 |a Význam ochrannej znánmky v podmienkach súčasnej trhovej situácie. Právna ochrana značky. Transformácia značky na ochrannú známku. Práva majiteľa ochrannej známky. Ochranná známka ako dôležitý marketingový nástroj a základ na budovanie imidžu a reputácie. Plagiáty a plagiátorstvo - zneužívanie ochranných známok na Slovensku. 
610 2 0 |a značky výrobné 
610 2 0 |a známky ochranné 
610 2 0 |a ochrana právna 
610 2 0 |a registrácia 
610 2 0 |a právo značkové 
610 2 0 |a produkty 
610 2 0 |a meno obchodné 
610 2 0 |a imidž 
100 1 |a Molnárová, Dagmar 
700 1 |a Bestvinová, Viera